Statistics for Clue (The Movie) Quiz

Click here to take the quiz!

General Stats

  • This quiz has been taken 16 times
  • The average score is 12 of 15

Answer Stats

QuestionAnswer% Correct
How many German Shepherds guarded the house when Wadsworth first arrived?2
100%
How many people was Mr. Boddy blackmailing?6
100%
In scenario #3, what government agency does Mr. Green work for?FBI
100%
What did Mr. Green kill Wadsworth with?Revolver
100%
Yvette was killed in the _______ ____.Billiard Room
93%
The Chef was killed with the _____.Knife
93%
In scenario #1, who is the murderer?Miss Scarlet
93%
The Cop that was bribed one a week by Miss Scarlet was killed were?Library
86%
In scenario #2, who is the murderer?Mrs. Peacock
86%
What weapon did Colonel Mustard receive from Mr. Boddy?Lead Pipe
79%
Wadsworth was being blackmailed because his wife had friends who were __________.Socialist
79%
Mrs. White killed her husband and _____ for having an affair.Yvette
79%
Where was the mansion in which the murder happened?New England
50%
What division of the UN does Professor Plum work for?WHO
50%
What job did Mrs. White's husband have?Nuclear Physicist
43%

Score Distribution

Percentile by Number Answered

Percent of People with Each Score

Your Score History

You have not taken this quiz